000 00588nam a22002057a 4500
999 _c174089
_d174089
005 20200317120404.0
010 _aENG-128076
020 _a9789388028783
_c695.00
035 _aEN-111608
037 _bDBAD/PUB
082 _a004.6782
100 _aBai, Haishi
245 _aProgramming Microsoft Azure Service Fabric/
_cby Haishi, Bai
250 _a2nd.
260 _aDelhi
_bPHI Learning
_c2019
270 _a111,Patparganj Industrial Estate
_b Delhi
_e110092
300 _axxx;493p.
_c23cm(pbk)
500 _aincludes index
942 _2ddc
_cEN
_h004.6782
_mBAI